Größte Städte nach Land #4 - Statistiken

Allgemein
  • Dieses Quiz wurde 63 mal gespielt
  • Das Durchschnittsergebnis liegt bei 18 aus 30
Antwortstatistiken
Antwort % Korrekt
Moskau
100%
Sankt Petersburg
100%
Ankara
98%
Istanbul
98%
Kiew
98%
Mexiko-Stadt
96%
Johannesburg
95%
Kapstadt
93%
Riad
84%
Antalya
79%
Odessa
75%
Izmir
72%
Donezk
65%
Pretoria
65%
Mekka
63%
Durban
60%
Guadalajara
60%
Charkiw
58%
Jekaterinburg
49%
Kasan
49%
Medina
47%
Dschidda
40%
Monterrey
40%
Nowosibirsk
39%
Dnipro
33%
Bursa
30%
Puebla
19%
Dammam
12%
Toluca de Lerdo
9%
Germiston
2%
Keine übereinstimmenden Quizze gefunden
Verteilung der Resultate
Anzahl Personen mit jedem Resultat
Perzentil nach korrekt beantworteten Fragen
Ihre Resultats-Entwicklung
Sie haben dieses Quiz noch nicht gespielt